Načítá se...
Flora of silent valley
| Hlavní autor: | |
|---|---|
| Médium: | Printed Book |
| Vydáno: |
1988
|
| Témata: |
| LEADER | 004600000a22001570004500 | ||
|---|---|---|---|
| 082 | |a 581.954 83 M8 | ||
| 100 | |a Manilal, K S | ||
| 245 | |a Flora of silent valley | ||
| 260 | |c 1988 | ||
| 465 | |a R 275 | ||
| 650 | |a Phytogeography | ||
| 650 | |a Plants | ||
| 650 | |a Rain forests | ||
| 942 | |c BK | ||
| 999 | |c 13680 |d 13680 | ||
| 952 | |0 0 |1 0 |4 0 |6 581_954000000000000_83_M8 |7 0 |8 ENG |9 13481 |a MGUL |b MGUL |d 2013-07-16 |e R 275 |l 2 |o 581.954 83 M8 |p 06121 |r 2016-10-26 |s 2016-07-12 |w 2013-07-16 |y BK | ||